| 000 | 03062cam a2200445 i 4500 | ||
|---|---|---|---|
| 001 | 2839 | ||
| 003 | FISKH | ||
| 005 | 20240116162054.0 | ||
| 008 | 220911s2023 nyua b 000 1 eng | ||
| 010 | _a 2022033251 | ||
| 020 |
_a9780525655596 _q(hardcover) |
||
| 020 |
_a9781524712327 _q(trade paperback) |
||
| 020 |
_z9780525655602 _q(ebook) |
||
| 040 |
_aLBSOR/DLC _beng _erda _cDLC _dDLC |
||
| 042 | _apcc | ||
| 043 | _an-us--- | ||
| 050 | 0 | 0 |
_aPS3608.A71522 _bM35 2023 |
| 082 | 0 | 0 |
_a813/.6 _223/eng/20220916 |
| 100 | 1 |
_aHanks, Tom, _eauthor. |
|
| 245 | 1 | 4 |
_aThe making of another major motion picture masterpiece / _cTom Hanks ; comic book illustrations by R. Sikoryak. |
| 250 | _aFirst edition. | ||
| 264 | 1 |
_aNew York : _bAlfred A. Knopf, _c2023. |
|
| 300 |
_a417 pages : _billustrations ; _c24 cm |
||
| 336 |
_atext _btxt _2rdacontent |
||
| 337 |
_aunmediated _bn _2rdamedia |
||
| 338 |
_avolume _bnc _2rdacarrier |
||
| 500 | _a"This is a Borzoi book published by Alfred A. Knopf." | ||
| 504 | _aIncludes bibliographical references. | ||
| 505 | 0 | _aBack story -- Source material -- Development hell -- Prep -- Casting -- The shoot -- Post. | |
| 520 |
_a"From the Academy Award-winning actor and best-selling author: his debut novel. The story of the making of a colossal, star-studded, multimillion-dollar superhero action film...and the humble comic book that inspired it. PART ONE of this story takes place in 1947. A troubled soldier, returning from the war, meets his talented five-year-old nephew, leaves an indelible impression, and then disappears for 23 years. Cut to 1970: The nephew, now drawing underground comic books in Oakland, California, reconnects with his uncle and, remembering the comic book he saw when he was five, draws a new version with his uncle as a World War II fighting hero. Cut to the present day: A commercially successful director discovers the 1970 comic book and decides to turn it into a contemporary superhero movie. Cue the cast: We meet the film's extremely difficult male star, his wonderful leading lady, the eccentric writer/director, the producer, the go-fer production assistant, and everyone else on both sides of the camera. Funny, touching, and wonderfully thought-provoking, this is a novel not only about the making of a movie, but also about the changes in America and American culture since World War II. Bonus material: Interspersed throughout are the three comic books that are featured in the story - all created by Hanks himself - including the comic book that becomes the official tie-in to this novel's "major motion picture masterpiece.""-- _cProvided by publisher. |
||
| 650 | 0 |
_aSuperhero films _vFiction. |
|
| 650 | 0 |
_aComic books, strips, etc. _vFiction. |
|
| 650 | 0 |
_aMotion pictures _xProduction and direction _zUnited States _vFiction. |
|
| 651 | 0 |
_aUnited States _xCivilization _y1945- _vFiction. |
|
| 655 | 7 |
_aNovels. _2lcgft |
|
| 700 | 1 |
_aSikoryak, R., _eillustrator. |
|
| 906 |
_a7 _bcbc _corignew _d1 _eecip _f20 _gy-gencatlg |
||
| 942 |
_2ddc _cBK _n0 |
||
| 999 |
_c2839 _d2839 |
||